| 000 | 00667nam a2200217Ia 4500 | ||
|---|---|---|---|
| 003 | GCL | ||
| 008 | 140319s9999 xx 000 0 ara d | ||
| 040 |
_aGCL / _cGCL |
||
| 082 | 0 | 4 |
_a910,02 _bغ ج |
| 100 | 1 | _aغانم سلطان | |
| 245 | 1 | 0 |
_aجغرافية الكويت: دراسة فى الظروف الطبيعية والسكان . / _cغانم سلطان |
| 700 | 1 | _aفتحى فياض | |
| 260 |
_a[S.N] : _bدار المعرفة الجامعية ، _c1993 |
||
| 300 | _a437ص | ||
| 490 | _a | ||
| 650 | 0 | 4 | _aالكويت |
| 650 | 0 | 4 | _aالجغرافيا الطبيعية |
| 650 | 0 | 4 | _aالجغرافيا |
| 650 | 0 | 4 | _aالسكان |
| 942 |
_2ddc _cBK |
||
| 999 |
_c58756 _d58756 |
||